<?xml version="1.0" encoding="UTF-8"?>
<record
    xmlns:xsi="http://www.w3.org/2001/XMLSchema-instance"
    xsi:schemaLocation="http://www.loc.gov/MARC21/slim http://www.loc.gov/standards/marcxml/schema/MARC21slim.xsd"
    xmlns="http://www.loc.gov/MARC21/slim">

  <leader>00866nam a22002177a 4500</leader>
  <controlfield tag="005">20220604111701.0</controlfield>
  <controlfield tag="008">220604b           ||||| |||| 00| 0 eng d</controlfield>
  <datafield tag="040" ind1=" " ind2=" ">
    <subfield code="c">Aloy</subfield>
  </datafield>
  <datafield tag="041" ind1=" " ind2=" ">
    <subfield code="a">kan</subfield>
  </datafield>
  <datafield tag="082" ind1=" " ind2=" ">
    <subfield code="2">23</subfield>
    <subfield code="a">K894.4</subfield>
    <subfield code="b">VISS</subfield>
  </datafield>
  <datafield tag="100" ind1=" " ind2=" ">
    <subfield code="a">Vishwanatha Karnada:  &#xCB5;&#xCBF;&#xCB6;&#xCCD;&#xCB5;&#xCA8;&#xCBE;&#xCA5; &#xC95;&#xCBE;&#xCB0;&#xCCD;&#xCA8;&#xCBE;&#xCA1; </subfield>
    <subfield code="9">40428</subfield>
  </datafield>
  <datafield tag="245" ind1=" " ind2=" ">
    <subfield code="a">Samachitta: &#xCB8;&#xCAE;&#xC9A;&#xCBF;&#xCA4;&#xCCD;&#xCA4; </subfield>
  </datafield>
  <datafield tag="260" ind1=" " ind2=" ">
    <subfield code="a">Ankola:</subfield>
    <subfield code="b">Shree Raghavendra Prakashana,</subfield>
    <subfield code="c">2004</subfield>
  </datafield>
  <datafield tag="300" ind1=" " ind2=" ">
    <subfield code="a">x,182p.</subfield>
    <subfield code="b">PB</subfield>
    <subfield code="c">21x14cm.</subfield>
  </datafield>
  <datafield tag="365" ind1=" " ind2=" ">
    <subfield code="2">Kannada</subfield>
  </datafield>
  <datafield tag="520" ind1=" " ind2=" ">
    <subfield code="a"> &#xCB8;&#xCBE;&#xCB9;&#xCBF;&#xCA4;&#xCCD;&#xCAF;&#xCBF;&#xC95; &#xCAA;&#xCCD;&#xCB0;&#xCAC;&#xC82;&#xCA6;&#xC97;&#xCB3; &#xCB8;&#xC82;&#xC97;&#xCCD;&#xCB0;&#xCB9; </subfield>
  </datafield>
  <datafield tag="650" ind1=" " ind2=" ">
    <subfield code="a">Collection of Literary Essays: &#xCB8;&#xCBE;&#xCB9;&#xCBF;&#xCA4;&#xCCD;&#xCAF;&#xCBF;&#xC95; &#xCAA;&#xCCD;&#xCB0;&#xCAC;&#xC82;&#xCA6;&#xC97;&#xCB3; &#xCB8;&#xC82;&#xC97;&#xCCD;&#xCB0;&#xCB9; </subfield>
    <subfield code="9">40429</subfield>
  </datafield>
  <datafield tag="650" ind1=" " ind2=" ">
    <subfield code="a">Janapada: &#xC9C;&#xCBE;&#xCA8;&#xCAA;&#xCA6; </subfield>
    <subfield code="9">40430</subfield>
  </datafield>
  <datafield tag="700" ind1=" " ind2=" ">
    <subfield code="a">KARNADA (Vishwanatha): &#xC95;&#xCBE;&#xCB0;&#xCCD;&#xCA8;&#xCBE;&#xCA1; (&#xCB5;&#xCBF;&#xCB6;&#xCCD;&#xCB5;&#xCA8;&#xCBE;&#xCA5;)</subfield>
    <subfield code="9">40431</subfield>
  </datafield>
  <datafield tag="942" ind1=" " ind2=" ">
    <subfield code="2">ddc</subfield>
    <subfield code="c">GF</subfield>
  </datafield>
  <datafield tag="999" ind1=" " ind2=" ">
    <subfield code="c">223242</subfield>
    <subfield code="d">223242</subfield>
  </datafield>
  <datafield tag="952" ind1=" " ind2=" ">
    <subfield code="0">0</subfield>
    <subfield code="1">0</subfield>
    <subfield code="2">ddc</subfield>
    <subfield code="4">0</subfield>
    <subfield code="7">0</subfield>
    <subfield code="8">KAN</subfield>
    <subfield code="a">AL</subfield>
    <subfield code="b">AL</subfield>
    <subfield code="d">2013-03-24</subfield>
    <subfield code="l">0</subfield>
    <subfield code="o">K894.4 VISS</subfield>
    <subfield code="p">GF02925</subfield>
    <subfield code="r">2022-06-04 00:00:00</subfield>
    <subfield code="w">2022-06-04</subfield>
    <subfield code="y">GF</subfield>
  </datafield>
</record>
